| 000 | 00699nam a22001697a 4500 | ||
|---|---|---|---|
| 003 | OSt | ||
| 005 | 20250805100920.0 | ||
| 008 | 240315b |||||||| |||| 00| 0 eng d | ||
| 040 |
_aMMSU _cULS |
||
| 100 | _aAntonio, John Jerico D. | ||
| 245 |
_aAdaptability of innovative farmers field school (FFS) on rice production in San Nicolas, Ilocos Norte / _cJohn Jerico D. Antonio |
||
| 260 |
_aCity of Batac: _bMMSU, _c2023. |
||
| 300 |
_axv, 75 leaves: _c28 cm. |
||
| 500 | _aThesis (BS in Agriculture Major in Agricultural Extension) -- Mariano Marcos State University-College of Agriculture, Food and Sustainable Development, Batac City | ||
| 504 | _aBibliography: leaves 52-53 | ||
| 942 |
_2lcc _cTHEDIS |
||
| 999 |
_c21014 _d21014 |
||